The theatre of Tennessee Williams
Збережено в:
| Автор: | |
|---|---|
| Формат: | Книга |
| Мова: | Undetermined |
| Опубліковано: |
New York, Estados Unidos
A New Directions Book
1971
|
| Предмети: | |
| Теги: |
Додати тег
Немає тегів, Будьте першим, хто поставить тег для цього запису!
|
MARC
| LEADER | 00000nam a2200000Ia 4500 | ||
|---|---|---|---|
| 008 | 170316s9999 xx 000 0 und d | ||
| 040 | |a cru BVZT | ||
| 090 | |a 810 W-33t v.2 | ||
| 100 | |a Williams, Tennessee | ||
| 245 | 4 | |a The theatre of Tennessee Williams | |
| 260 | |a New York, Estados Unidos | ||
| 260 | |b A New Directions Book | ||
| 260 | |c 1971 | ||
| 300 | |a 591 páginas Vol. 2 | ||
| 650 | |a LITERATURA ESTADOUNIDENSE | ||
| 650 | |a TENNESSEE WILLIAMS | ||
| 999 | |c 6288 |d 6288 | ||
| 942 | |c 15 D |h 810 W-33t v.2 |2 z | ||
